[Event "Arco Christmas op 4th"]
[Site "Arco"]
[Date "2013.12.29"]
[Round "6"]
[White "Ramaioli, Nicholas"]
[Black "Barp, Alberto"]
[Result "0-1"]
[WhiteElo "1797"]
[BlackElo "1935"]
[PlyCount "70"]
[EventDate "2013.12.26"]
[EventType "swiss"]
[EventRounds "7"]
[EventCountry "ITA"]
[SourceTitle "CBM 158 Extra"]
[Source "ChessBase"]
[SourceDate "2014.02.28"]
[SourceVersion "1"]
[SourceVersionDate "2014.02.28"]
[SourceQuality "1"]

1. d4 d5 2. Nf3 Nf6 3. Bf4 e6 4. e3 c5 5. c3 Be7 6. Be2 0-0 7. 0-0 b6 8. Nbd2 Ba6 9. Ne5 Bxe2 10. Qxe2 Nfd7 11. Qg4 f5 12. Qh3 Nxe5 13. Bxe5 Nd7 14. Nf3 h6 15. Bf4 Rc8 16. Qg3 Kh7 17. Ne5 g5 18. h4 Nxe5 19. Bxe5 g4 20. h5 Rg8 21. f3 Qe8 22. fxg4 Rxg4 23. Qxg4 fxg4 24. Rf4 Bg5 25. Raf1 Bxf4 26. Rxf4 Qxh5 27. Kf2 Kg8 28. Rf6 Rf8 29. Rxf8+ Kxf8 30. Kg3 Qf5 31. Bb8 cxd4 32. exd4 Qc2 33. Bd6+ Kf7 34. Ba3 Kg6 35. Kxg4 Qxg2+ 0-1